50 Most Popular Rock Songs on Spotify - Statistics

General Stats
  • This quiz has been taken 299 times
  • The average score is 26 of 50
Answer Stats
Artist Song Plays % Correct
Queen Bohemian Rhapsody 2,488
90%
TOTO Africa 1,756
84%
Nirvana Smells Like Teen Spirit 2,017
78%
Coldplay Yellow 2,297
78%
a-ha Take On Me 1,894
75%
Eagles Hotel California 1,600
74%
The Killers Mr. Brightside 2,168
73%
Oasis Wonderwall 1,991
73%
Imagine Dragons Believer 3,001
70%
Guns N' Roses Sweet Child O' Mine 1,875
70%
Journey Don't Stop Believin' 1,912
69%
OneRepublic Counting Stars 2,460
67%
Radiohead Creep 1,655
67%
Linkin Park In The End 2,039
66%
Harry Styles As It Was 3,290
65%
The Police Every Breath You Take 2,043
65%
Bon Jovi Livin' On A Prayer 1,592
65%
The White Stripes Seven Nation Army 1,652
65%
The Goo Goo Dolls Iris 1,682
63%
Linkin Park Numb 1,715
62%
Coldplay Viva La Vida 2,096
61%
Harry Styles Watermelon Sugar 2,702
59%
AC/DC Back In Black 1,537
57%
Tears For Fears Everybody Wants To Rule The World 1,645
57%
AC/DC Highway To Hell 1,584
57%
Imagine Dragons Radioactive 1,833
57%
Fleetwood Mac Dreams 1,654
53%
The Neighbourhood Sweater Weather 2,906
52%
Arctic Monkeys Do I Wanna Know? 2,184
50%
Bastille Pompeii 1,587
49%
Queen Don't Stop Me Now 1,969
45%
Walk The Moon Shut Up and Dance 1,685
45%
Queen Another One Bites The Dust 1,859
43%
Måneskin Beggin' 1,597
42%
Olivia Rodrigo good 4 u 2,164
41%
Arctic Monkeys 505 1,654
38%
Tom Odell Another Love 2,419
37%
Imagine Dragons Demons 2,265
35%
Arctic Monkeys I Wanna Be Yours 2,177
33%
Keane Somewhere Only We Know 1,532
32%
Coldplay The Scientist 1,900
29%
Queen Under Pressure 1,611
28%
Tame Impala The Less I Know The Better 1,639
27%
Harry Styles Sign Of The Times 1,530
26%
CCR Have You Ever Seen The Rain 1,574
25%
Bruno Mars Locked Out Of Heaven 1,996
17%
Shawn Mendes There's Nothing Holdin' Me Back 2,039
16%
Arctic Monkeys Why'd You Only Call Me When You're High? 1,684
15%
OneRepublic I Ain't Worried 1,601
13%
Maroon 5 Maps 1,671
13%
No matching quizzes found
Score Distribution
Percent of People with Each Score
Percentile by Number Answered
Your Score History
You have not taken this quiz